00855nam a2200229Ia 4500003000900000008004100009020001800050040001600068080001500084100002200099245011300121260003900234300001500273490006400288650002600352650002700378650002400405700002400429942000700453999001700460952014800477IN-BaIIA211028s9999 xx 000 0 eng d a981-256-357-1 cIIA Library a523.9bBHA aBhatnagar, Arvind 0aFundamentals of solar astronomycArvind Bhatnagar and William Livingston  aNew JerseybWorld Scientificc2005 axix, 445p. aWorld Scientific series in astronomy and astrophysics; v. 6 aSolar astronomy92961 aSolar atmosphere94799 aSolar eclipse91412 aLivingston, William cBK c16044d16044 00104070aBANbBANcGENd2005-12-26eWSP g1446.40l3m4o523.9/ BHAp16966r2026-03-12s2025-12-05v1446.40w2005-12-26yBKGRs. 1446.40